000 00474cam a2200193ua 4500
001 4257
005 20260515113816.0
008 111221n ii |||gr||||Z||||||asm
040 _cMAIN
082 _a891.4513
100 1 _aSilabhadra,
245 1 1 _aChithi aru anyanya galpa
_cby Silabhadra
250 _a1st.
260 _aGuwahati:
_bBaruah Agency,994.
300 _a95p:
_c23cm.
653 _aAssamese short stories
653 _aChithi aru anyanya galpa
942 _cBK
999 _c4074
_d4074